Sister Cities of Poznań - Statistics

General Stats
  • This quiz has been taken 6 times
  • The average score is 3 of 14
Answer Stats
Country City/Region % Correct
Hanover
60%
Kharkiv
60%
Brno
40%
Kutaisi
20%
Nablus
20%
Nottinghamshire
20%
Shenzhen
20%
Toledo
20%
Assen
0%
Győr
0%
Jyväskylä
0%
Pozuelo de Alarcón
0%
Ra'anana
0%
Rennes
0%
No matching quizzes found
Score Distribution
Percent of People with Each Score
Percentile by Number Answered
Your Score History
You have not taken this quiz